[Event "13th Open Metalis"]
[Site "Bizovac CRO"]
[Date "2006.02.23"]
[Round "1"]
[White "Skrbic,D"]
[Black "Nevednichy,V"]
[Result "0-1"]
[WhiteElo "2063"]
[BlackElo "2581"]

1.e4 c5 2.Nf3 d6 3.d4 cxd4 4.Nxd4 Nf6 5.Nc3 Nc6 6.Bg5 e6 7.f4 Qb6 8.Bxf6 gxf6
9.Nxc6 bxc6 10.Qd2 Qxb2 11.Rb1 Qa3 12.Qd4 Rg8 13.Qb4 Qxb4 14.Rxb4 h5 15.Rb3 h4
16.Ne2 e5 17.g3 Be6 18.Rb2 Bh6 19.f5 Bc8 20.Kf2 Ke7 21.Rg1 hxg3+ 22.Rxg3 Rxg3
23.hxg3 Kd7 24.Kf3 Ba6 25.Rb1 Bd2 26.Rd1 Bg5 27.Nc3 Bxf1 28.Rxf1 Bd2 29.Nb1 Ba5
30.Na3 Rh8 31.Nc4 Bc7 32.Kg2 Rb8 33.c3 Rb5 34.Rd1 Rc5  0-1

[Event "It"]
[Site "Soller ESP"]
[Date "2006.02.23"]
[Round "6"]
[White "Berg,E"]
[Black "Mascaro March,P"]
[Result "1-0"]
[WhiteElo "2540"]
[BlackElo "2359"]

1.e4 c5 2.Nf3 d6 3.d4 cxd4 4.Nxd4 Nf6 5.Nc3 Nc6 6.Bg5 e6 7.Qd2 a6 8.O-O-O Bd7
9.Kb1 h6 10.Be3 Qc7 11.f3 Be7 12.h4 h5 13.Bg5 b5 14.Nxc6 Bxc6 15.Ne2 Rd8
16.Nd4 Bb7 17.Bd3 g6 18.e5 dxe5 19.Nxe6 fxe6 20.Bxg6+ Kf8 21.Bh6+ Kg8 22.Qg5 Ne8
23.Bf7+ Kxf7 24.Qxh5+ Kf6 25.g4 Bd6 26.Bg5+ Kg7 27.Bxd8 Qxd8 28.Qxe5+ Bxe5
29.Rxd8 Bxf3 30.Re1 Rxh4 31.a4 Bf6 32.Rxe8 Bxg4 33.a5 Bf5 34.R8xe6 Rb4 35.Rxa6 Rxb2+
36.Kc1 Rxc2+ 37.Kd1 Rg2 38.Re8 b4 39.Ra7+ Kh6 40.Ra6 Kg5 41.Rg8+ Bg6 42.Rb6 Kh6
43.Rxf6  1-0

[Event "13th Open Metalis"]
[Site "Bizovac CRO"]
[Date "2006.02.24"]
[Round "3"]
[White "Palac,M"]
[Black "Doric,D"]
[Result "1-0"]
[WhiteElo "2561"]
[BlackElo "2404"]

1.e4 c5 2.Nf3 d6 3.d4 cxd4 4.Nxd4 Nf6 5.Nc3 Nc6 6.Bg5 e6 7.Qd2 Be7 8.O-O-O O-O
9.f4 h6 10.Bh4 e5 11.Nf5 Bxf5 12.exf5 exf4 13.Kb1 d5 14.Qxf4 d4 15.Bxf6 Bxf6
16.Ne4 Be5 17.Qg4 Rc8 18.a3 Na5 19.Bd3 f6 20.Nd2 b5 21.Nf3 Nc4 22.Bxc4+ bxc4
23.Nxd4 Qa5 24.Nf3 c3 25.Nxe5 Qxe5 26.Rhe1 Qb5 27.b3 Rf7 28.Rd3 Rd7 29.Rxc3 Rdc7
30.Re7 Rxe7 31.Rxc8+ Re8 32.Qc4+ Qxc4 33.Rxe8+  1-0

[Event "TCh-CZE Extraliga 2005-6"]
[Site "Czech Rep CZE"]
[Date "2006.02.26"]
[Round "9"]
[White "Mista,A"]
[Black "Likavsky,T"]
[Result "0-1"]
[WhiteElo "2489"]
[BlackElo "2493"]

1.e4 c5 2.Nf3 d6 3.d4 cxd4 4.Nxd4 Nf6 5.Nc3 Nc6 6.Bg5 e6 7.Qd2 a6 8.O-O-O Nxd4
9.Qxd4 Be7 10.Kb1 b5 11.f3 Bb7 12.h4 Rc8 13.h5 h6 14.Bh4 Qc7 15.a3 O-O 16.g4 d5
17.exd5 Rfd8 18.Qf2 Nxd5 19.Nxd5 Bxh4 20.Rxh4 Bxd5 21.Bd3 a5 22.Rg1 Bc4 23.Bxc4 bxc4
24.g5 hxg5 25.Rxg5 c3 26.Qg1 cxb2 27.Rxg7+ Kh8 28.Rg2 Qc3 29.Ra4 Qxf3 30.Ka2 Rd1  0-1

[Event "1st ONGC Cup"]
[Site "Hyderabad IND"]
[Date "2006.02.27"]
[Round "3"]
[White "Swathi,G"]
[Black "Himanshu,Sh"]
[Result "1/2-1/2"]
[WhiteElo "2244"]
[BlackElo "2411"]

1.e4 c5 2.Nf3 Nc6 3.d4 cxd4 4.Nxd4 Nf6 5.Nc3 d6 6.Bg5 e6 7.Qd2 Be7 8.O-O-O Nxd4
9.Qxd4 O-O 10.f4 Qa5 11.Bc4 Bd7 12.e5 dxe5 13.fxe5 Bc6 14.Bd2 Nd7 15.Nd5 Qc5
16.Nxe7+ Qxe7 17.Rhe1 Rfd8 18.Qg4 Nf8 19.Bd3 Rd5 20.Be4 Rb5 21.Bd3 Rd5 22.Be4 Rb5
23.Bd3  1/2-1/2

[Event "1st ONGC Cup"]
[Site "Hyderabad IND"]
[Date "2006.02.27"]
[Round "3"]
[White "Gopal,G"]
[Black "Kotsur,P"]
[Result "0-1"]
[WhiteElo "2353"]
[BlackElo "2570"]

1.e4 c5 2.Nf3 d6 3.d4 cxd4 4.Nxd4 Nf6 5.Nc3 Nc6 6.Bg5 e6 7.Qd2 Qb6 8.Bxf6 gxf6
9.Nb3 a6 10.O-O-O Qc7 11.f4 b5 12.Kb1 Bd7 13.f5 b4 14.fxe6 fxe6 15.Ne2 a5
16.Nbd4 Nxd4 17.Nxd4 Qc5 18.g3 Ra7 19.Bh3 Ke7 20.Rhf1 Bg7 21.Qf4 Rc7 22.Qg4 Qg5
23.Qe2 Qe5 24.Rd3 Rhc8 25.Re1 Rc4 26.Qd1 Rxd4 27.Rxd4 f5 28.c3 bxc3 29.bxc3 Rxc3  0-1

[Event "2nd ch-SCG"]
[Site "Pancevo SCG"]
[Date "2006.02.27"]
[Round "1"]
[White "Pikula,D"]
[Black "Damljanovic,B"]
[Result "1/2-1/2"]
[WhiteElo "2530"]
[BlackElo "2615"]

1.e4 c5 2.Nf3 d6 3.d4 cxd4 4.Nxd4 Nf6 5.Nc3 Nc6 6.Bg5 e6 7.Qd2 Be7 8.O-O-O O-O
9.Kb1 Nxd4 10.Qxd4 Qa5 11.f4 h6 12.h4 Rd8 13.Qe3 Bd7 14.Be2 Bc6 15.Qg3 Kf8
16.Bd3 e5 17.f5 b5 18.Bxf6 Bxf6 19.Be2 Rac8 20.Nd5 Qa4 21.Nc3 Qa5 22.Nd5 Qa4
23.Nc3 Qa5  1/2-1/2

[Event "1st ONGC Cup"]
[Site "Hyderabad IND"]
[Date "2006.02.28"]
[Round "5"]
[White "Sahu,S"]
[Black "Sareen,V"]
[Result "0-1"]
[WhiteElo "2232"]
[BlackElo "2380"]

1.e4 c5 2.Nf3 Nc6 3.d4 cxd4 4.Nxd4 Nf6 5.Nc3 d6 6.Bg5 e6 7.Qd2 a6 8.f3 Bd7
9.O-O-O Be7 10.h4 h6 11.Be3 h5 12.Nxc6 bxc6 13.Bf4 e5 14.Bg5 Be6 15.Bxf6 gxf6
16.Kb1 Qa5 17.f4 exf4 18.b3 Qe5 19.Ne2 a5 20.Nxf4 a4 21.Nd3 Qxe4 22.Qc3 axb3
23.cxb3 O-O 24.Re1 Qd5 25.Be2 Qa5 26.Qxa5 Rxa5 27.Bf3 d5 28.Bxh5 Rfa8 29.a4 Rb8
30.Kc2 d4 31.Rxe6 fxe6 32.Bf3 c5 33.Nb2 f5 34.Nc4 Ra6 35.Ne5 Bf8 36.Be2 Rd6
37.Bc4 Bg7 38.Nd3 Kh7 39.Re1 Re8 40.Ne5 Bxe5 41.Rxe5 Kg6 42.Rxc5 e5 43.Rc7  0-1

[Event "1st ONGC Cup"]
[Site "Hyderabad IND"]
[Date "2006.02.28"]
[Round "5"]
[White "Matta,V"]
[Black "Shashikant,K"]
[Result "0-1"]
[WhiteElo "2193"]
[BlackElo "2297"]

1.e4 c5 2.Nf3 d6 3.d4 cxd4 4.Nxd4 Nf6 5.Nc3 Nc6 6.Bg5 e6 7.Qd2 a6 8.O-O-O Nxd4
9.Qxd4 Be7 10.f4 b5 11.Kb1 Bb7 12.Bd3 Qc7 13.Rhe1 h6 14.Bh4 Qc5 15.Bf2 Qxd4
16.Bxd4 O-O 17.e5 dxe5 18.fxe5 Nd5 19.Be4 Nxc3+ 20.Bxc3 Bxe4 21.Rxe4 Rfd8
22.Red4 Rxd4 23.Rxd4 Rd8 24.Rxd8+ Bxd8 25.Bb4 Bc7 26.Bd6 Bxd6 27.exd6 Kf8
28.b3 b4 29.c4 bxc3 30.b4 Ke8 31.a4 Kd7 32.Kc2 Kxd6 33.Kxc3 Kd5 34.Kd3 f5
35.h4 g5 36.hxg5 hxg5 37.Kc3 e5 38.Kd3 e4+ 39.Ke3 f4+ 40.Ke2 Kc4 41.b5 axb5  0-1

[Event "1st ONGC Cup"]
[Site "Hyderabad IND"]
[Date "2006.02.28"]
[Round "5"]
[White "Swathi,G"]
[Black "Zhumabaev,R"]
[Result "0-1"]
[WhiteElo "2244"]
[BlackElo "2405"]

1.e4 c5 2.Nf3 d6 3.d4 cxd4 4.Nxd4 Nf6 5.Nc3 Nc6 6.Bg5 e6 7.Qd2 Qb6 8.Nb3 a6
9.O-O-O Qc7 10.f3 Rb8 11.g4 b5 12.Kb1 Ne5 13.Qg2 Bb7 14.Bd3 b4 15.Ne2 Nxd3
16.Rxd3 a5 17.Bxf6 gxf6 18.Nf4 a4 19.Nc1 Ba6 20.Rdd1 a3 21.b3 Bh6 22.Nfd3 Qc3
23.Ne2 Qc7 24.Qf2 O-O 25.f4 Rfc8 26.Rc1 Qb6 27.Qxb6 Rxb6 28.h4 Rbc6 29.Rh3 Bg7
30.Re3 Rb6 31.Ng3 Bb7 32.Nh5 Bh8 33.g5 fxg5 34.hxg5 Bd4 35.Re2 Ba6 36.Rd1 Rc3
37.Rh2 Bxd3 38.cxd3 Rbc6 39.Nf6+ Kf8 40.Nxh7+ Ke7 41.Re2 R3c5 42.f5 Bb2 43.Ree1 Rc2
44.d4 Bxd4 45.Rxd4 Rb2+ 46.Ka1 Rcc2  0-1

[Event "1st ONGC Cup"]
[Site "Hyderabad IND"]
[Date "2006.02.28"]
[Round "5"]
[White "Prasad,D"]
[Black "Kotsur,P"]
[Result "1/2-1/2"]
[WhiteElo "2411"]
[BlackElo "2570"]

1.e4 c5 2.Nf3 d6 3.d4 cxd4 4.Nxd4 Nf6 5.Nc3 Nc6 6.Bg5 e6 7.Qd2 Qb6 8.Nb3 a6
9.O-O-O Qc7 10.f3 Rb8 11.g4 b5 12.Bd3 Ne5 13.Qg2 b4 14.Ne2 Nxd3+ 15.Rxd3 a5
16.Kb1 Ba6 17.Rdd1 Nd7 18.h4 h6 19.Be3 a4 20.Nbc1 Rc8 21.Nf4 Ne5 22.b3 Nxf3
23.Qxf3 Qxc2+ 24.Ka1 Qc3+ 25.Kb1 g6 26.Qf2 axb3 27.Nxb3 Qe5 28.Bd4 Qxe4+
29.Kb2 Rh7 30.Rhe1 Qb7 31.Bf6 g5 32.Nd5 Bc4 33.Qf5 Rg7 34.Rxe6+ fxe6 35.Qxe6+ Re7
36.Bxe7 Bxd5 37.Rxd5 Bxe7 38.Rxd6 Rc7 39.Qg6+ Kf8 40.Qxh6+ Ke8 41.Qg6+ Kf8
42.Qf5+ Ke8  1/2-1/2

[Event "1st ONGC Cup"]
[Site "Hyderabad IND"]
[Date "2006.03.04"]
[Round "9"]
[White "Swathi,G"]
[Black "Sareen,V"]
[Result "0-1"]
[WhiteElo "2244"]
[BlackElo "2380"]

1.e4 c5 2.Nf3 d6 3.d4 cxd4 4.Nxd4 Nf6 5.Nc3 Nc6 6.Bg5 e6 7.Qd2 a6 8.O-O-O Bd7
9.f3 Be7 10.Be3 h5 11.Kb1 Qc7 12.h3 Ne5 13.f4 Nc4 14.Bxc4 Qxc4 15.e5 dxe5
16.Nf5 exf5 17.fxe5 Be6 18.exf6 Bxf6 19.Bg5 Bxg5 20.Qxg5 O-O 21.Rdg1 Rac8
22.Qxh5 b5 23.Qe2 Qc6 24.a3 Rb8 25.Qf3 Qc5 26.g4 f4 27.g5 b4 28.Ne4 Qe5 29.Re1 Qd5
30.b3 bxa3 31.Ka2 Rfc8 32.Rh2 Qd4 33.c4 Rxb3 34.Kxb3 Qxc4+ 35.Kxa3 Rb8 36.Rb2 Rxb2
37.Kxb2 Qb4+ 38.Kc2 Qxe1 39.Qxf4 Qe2+ 40.Kc3 Qc4+ 41.Kd2 a5 42.h4 Qb4+ 43.Ke3 Bd5  0-1

[Event "XXII Open"]
[Site "Reykjavik ISL"]
[Date "2006.03.06"]
[Round "1"]
[White "Olafsson,Thorv"]
[Black "Rocha,S"]
[Result "0-1"]
[WhiteElo "2132"]
[BlackElo "2405"]

1.e4 c5 2.Nf3 d6 3.d4 cxd4 4.Nxd4 Nf6 5.Nc3 Nc6 6.Bg5 Bd7 7.Qd2 Rc8 8.O-O-O Nxd4
9.Qxd4 Qa5 10.Be3 a6 11.Bc4 Ng4 12.Bd2 Qc5 13.Qxc5 Rxc5 14.Bb3 e6 15.Rdf1 Be7
16.f3 Ne5 17.Be3 Rc7 18.Rd1 O-O 19.Bb6 Rc6 20.Bd4 Nc4 21.Bxc4 Rxc4 22.Be5 Rc6
23.Rd3 Be8 24.Bg3 f5 25.exf5 Rxf5 26.Re1 Bf7 27.Kb1 Rfc5 28.Bf2 Rc4 29.Rd4 Kf8
30.Rxc4 Rxc4 31.Re4 Rc8 32.Bh4 g5 33.Bg3 Ke8 34.Re2 Kd7 35.Rd2 Bg6 36.Ne4 Rc6
37.Nf2 h5 38.Nd3 Ke8 39.Bf2 a5 40.Bd4 e5 41.Bc3 b6 42.Nf2 Kf7 43.Re2 Ke6
44.h3 Rc4 45.Ne4 g4 46.hxg4 hxg4 47.Nd2 Rf4 48.b3 Bd8 49.a4 Bc7 50.Re1 Rf5
51.Kb2 d5 52.fxg4 Rf2 53.Kc1 Rxg2 54.Kd1 Bd6 55.Kc1 Rxg4 56.Nf3 Be4 57.Nd2 Bg2
58.Nf1 Rh4 59.Ne3 Be4 60.Nf1 d4 61.Bd2 Kd5 62.Rd1 Bf3 63.Re1 e4  0-1

[Event "Victor Ciocaltea Mem"]
[Site "Bucharest ROM"]
[Date "2006.03.08"]
[Round "1"]
[White "Murariu,A"]
[Black "Shishkin,Va UKR"]
[Result "1/2-1/2"]
[WhiteElo "2461"]
[BlackElo "2545"]

1.e4 c5 2.Nf3 Nc6 3.d4 cxd4 4.Nxd4 Nf6 5.Nc3 d6 6.Bg5 e6 7.Qd2 a6 8.O-O-O Nxd4
9.Qxd4 Be7 10.f4 b5 11.Be2 Bb7 12.Bf3 O-O 13.e5 Bxf3 14.exf6 gxf6 15.gxf3 fxg5
16.Ne4 d5 17.h4 Qc7 18.Nxg5 Qc4 19.Qe5 Rac8 20.c3 Qc7 21.Rxd5 Qxe5 22.Rxe5 Bd6
23.Re4 h6 24.Nh3 b4 25.Kc2 bxc3 26.bxc3 Rc5 27.Rd4 Be7 28.Nf2 Ra5 29.Rg1+ Kh8
30.Ne4 Rxa2+ 31.Kb3 Ra3+ 32.Kc2 Rg8 33.Rxg8+ Kxg8 34.f5 exf5 35.Ng3 Bf6 36.Rc4 f4
37.Nf5 h5 38.Kb2 Ra5 39.Rxf4 Be5 40.Ne7+ Kg7 41.Rf5 Rc5 42.Ka2 f6 43.f4 Bd6
44.Nd5 Bxf4 45.Kb3 Be5 46.c4 Rc8 47.Rf1 Kf7 48.Nf4 Bxf4 49.Rxf4 Ke6 50.Re4+ Kf5
51.Rd4 a5 52.Rd5+ Kg4 53.Rxa5 f5 54.Ra7 f4 55.Rg7+ Kxh4 56.Rf7 Kg3 57.Rg7+ Kf3
58.Rh7 Kg4 59.Rg7+ Kf5 60.Rf7+ Kg5 61.Kb4 Rd8 62.c5 Rd1 63.c6 Rc1 64.Kb5 h4
65.c7 h3 66.Kb6 Kg4 67.Rg7+ Kf3 68.Rh7 Kg2 69.Rg7+ Kf2 70.Rh7 Kg2 71.Rg7+ Kh1
72.Rf7 h2 73.Rxf4 Kg2 74.Rh4  1/2-1/2

[Event "XXII Open"]
[Site "Reykjavik ISL"]
[Date "2006.03.08"]
[Round "3"]
[White "Bergsson,Sn"]
[Black "Gretarsson,Hj"]
[Result "1-0"]
[WhiteElo "2316"]
[BlackElo "2046"]

1.e4 c5 2.Nf3 Nc6 3.d4 cxd4 4.Nxd4 Nf6 5.Nc3 d6 6.Bg5 e6 7.Qd2 a6 8.O-O-O h6
9.Be3 Be7 10.f4 Bd7 11.Be2 Qc7 12.g4 Nxd4 13.Qxd4 e5 14.Qd3 Bxg4 15.Bxg4 Nxg4
16.Nd5 Qc6 17.Bb6 Rc8 18.Rhg1 Nf6 19.Nxe7 Kxe7 20.fxe5 dxe5 21.Ba5 Kf8 22.Bc3 Re8
23.Qg3 g6 24.Bxe5 Re6 25.Rgf1 Kg7 26.Rxf6 Rxf6 27.Rd6 Qxd6 28.Bxd6 Re6 29.Qc3+ Kh7
30.Qc7 Rf6 31.e5 Rf1+ 32.Kd2 Re8 33.Qd7 Re6 34.Qxb7 Kg7 35.c4 Rf2+ 36.Kc3 Rxh2
37.c5 Rf2 38.c6 Rf1 39.c7 Re8 40.Qb8  1-0

[Event "38th 8th March WGM"]
[Site "Belgrade SCG"]
[Date "2006.03.11"]
[Round "5"]
[White "Marcetic,Ma"]
[Black "Chelushkina,I"]
[Result "0-1"]
[WhiteElo "2245"]
[BlackElo "2312"]

1.e4 c5 2.Nf3 Nc6 3.d4 cxd4 4.Nxd4 Nf6 5.Nc3 d6 6.Bg5 Qa5 7.Bxf6 gxf6 8.Bb5 Bd7
9.Nb3 Qd8 10.Qd2 a6 11.Be2 e6 12.f4 b5 13.Bh5 f5 14.Qe2 Bg7 15.exf5 O-O 16.fxe6 fxe6
17.O-O d5 18.Bg4 Qb6+ 19.Kh1 Ne7 20.Rae1 Nf5 21.Qf2 d4 22.Bxf5 Rxf5 23.Ne2 e5
24.c3 Raf8 25.cxd4 exf4 26.Ng1 Be6 27.Nf3 Bd5 28.Rd1 a5 29.Rfe1 a4 30.Nc5 Qd6
31.Ne4 Qa6 32.Nc3 Qa7 33.a3 Qb6 34.Ne4 Qh6 35.Nc3 Rh5  0-1

[Event "TCh-FIN 2005-6"]
[Site "Espoo FIN"]
[Date "2006.03.11"]
[Round "8"]
[White "Hartikainen,M"]
[Black "Lehtioksa,J"]
[Result "1-0"]
[WhiteElo "2294"]
[BlackElo "2164"]

1.e4 c5 2.Nf3 d6 3.d4 cxd4 4.Nxd4 Nf6 5.Nc3 Nc6 6.Bg5 Bd7 7.Nb3 a6 8.Bd3 e6
9.f4 Be7 10.Qf3 h6 11.Bh4 g5 12.Bg3 gxf4 13.Bxf4 Ne5 14.Qe2 Qc7 15.O-O-O O-O-O
16.h3 Rdg8 17.g4 h5 18.g5 Nh7 19.h4 f6 20.Bxe5 dxe5 21.Bxa6 fxg5 22.Bb5 Rd8
23.Qxh5 gxh4 24.Bxd7+ Rxd7 25.Rxd7 Qxd7 26.Qxe5 Bf6 27.Qc5+ Qc7 28.e5 Bg5+
29.Kb1 Qxc5 30.Nxc5 Nf8 31.N3e4 Be7 32.Rh3 Rh5 33.Nd3 Ng6 34.Nd6+ Bxd6 35.exd6 Kd7
36.Kc1 Kxd6 37.Kd2 Ke7 38.Ke3 Rf5 39.a4 Ra5 40.b3 Kf6 41.Ke4 Kg5 42.Rh1 Rf5
43.c4 Kf6 44.b4 b6 45.b5 Rg5 46.c5 Rg4+ 47.Ke3 Rxa4 48.cxb6 Ra8 49.Nc5 Ne7
50.Nd7+ Kg5 51.b7 Rd8 52.b8=Q Rxb8 53.Nxb8 Kg4 54.Kf2 Nd5 55.Nd7  1-0

[Event "TCh-FIN 2005-6"]
[Site "Espoo FIN"]
[Date "2006.03.11"]
[Round "8"]
[White "Maki,V"]
[Black "Yrjola,J"]
[Result "1/2-1/2"]
[WhiteElo "2399"]
[BlackElo "2396"]

1.e4 c5 2.Nf3 Nc6 3.d4 cxd4 4.Nxd4 Nf6 5.Nc3 d6 6.Bg5 e6 7.Qd2 Qb6 8.O-O-O Qxd4
9.Qxd4 Nxd4 10.Rxd4 a6 11.f3 Be7 12.Na4 Nd7 13.Bxe7 Kxe7 14.c4 Rb8 15.b4 Rd8
16.Be2 e5 17.Rd2 Nf8 18.Nb6 Ne6 19.g3 Nd4 20.f4 f6 21.f5 Bd7 22.Rxd4 exd4
23.Rd1 Be8 24.Rxd4 Bf7 25.Kb2 g6 26.Ka3 Re8 27.Bd3 Rbd8 28.Bc2 gxf5 29.exf5 Kf8
30.Bb3 Re5 31.g4 h5 32.gxh5 Rxf5 33.c5 d5 34.h6 Rh5 35.h4 Rxh6 36.Ka4 Rh5
37.Ka5 Re5 38.a4 Re4 39.Rxd5 Bxd5 40.Bxd5 Re7 41.b5 axb5 42.axb5 Re5 43.Bxb7 Rxc5
44.Bc6 Rh5 45.Nc4 Rxh4 46.Ne3 Rh3 47.Nd5 f5 48.b6 Ra3+ 49.Kb4 Ra1 50.b7 Kf7
51.Kc5 Rb1 52.Nb4 f4 53.Be4 Rxb4 54.Kxb4 Kf6 55.Kc5 Ke5 56.Bf3 Rb8  1/2-1/2

[Event "2nd ch-SCG"]
[Site "Pancevo SCG"]
[Date "2006.03.11"]
[Round "12"]
[White "Krivokapic,M"]
[Black "Damljanovic,B"]
[Result "1/2-1/2"]
[WhiteElo "2352"]
[BlackElo "2615"]

1.e4 c5 2.Nf3 d6 3.d4 cxd4 4.Nxd4 Nf6 5.Nc3 Nc6 6.Bg5 e6 7.Qd2 Be7 8.O-O-O O-O
9.f3 a6 10.h4 Qc7 11.Kb1 Nxd4 12.Qxd4 b5 13.Be2 Rd8 14.Be3 Bb7 15.g4 d5 16.Qb6 Qc8
17.exd5 Nxd5 18.Nxd5 Bxd5 19.Bf4 Rd7 20.Qf2 Qc6 21.g5 Rc8 22.Rd2 b4 23.Rhd1 a5
24.Be5 Rcd8 25.Qe3 Bc5 26.Qf4 Qb6 27.Rd3 Bd6 28.h5 Bxe5 29.Qxe5 Qc5 30.f4 Qe7
31.Qe3 f6 32.Bg4 Kf8 33.b3 f5 34.Bf3 Bxf3 35.Qxf3 Rxd3 36.Rxd3 Rxd3 37.Qxd3 Qc7
38.Qd4 Kf7 39.Kb2 Kf8 40.h6 e5 41.fxe5 gxh6 42.gxh6 Ke7 43.Qh4+ Kd7 44.Qg3 Qc6
45.Qg7+ Kc8 46.Qg8+ Kb7 47.Qxh7+ Kb6 48.Qxf5 Qc3+  1/2-1/2

[Event "ch-BLR"]
[Site "Minsk BLR"]
[Date "2006.03.12"]
[Round "9"]
[White "Kovalev,An"]
[Black "Smirnov,Va"]
[Result "1/2-1/2"]
[WhiteElo "2538"]
[BlackElo "2403"]

1.e4 c5 2.Nf3 d6 3.d4 cxd4 4.Nxd4 Nf6 5.Nc3 Nc6 6.Bg5 e6 7.Qd2 a6 8.O-O-O Bd7
9.f3 Be7 10.Kb1 b5 11.Nxc6 Bxc6 12.h4 O-O 13.Bd3 d5 14.e5 Nd7 15.Qe3 Re8
16.Bxe7 Qxe7 17.Ne2 Qc5 18.Nd4 Nb6 19.h5 Rac8 20.Rh4 Nc4 21.Qf4 Qe7 22.Rg4 Kh8
23.Qg3 Rg8 24.f4 Bd7 25.Qe1 f6 26.Nf3 f5 27.Rg5 Qc5 28.Rg3 Rgf8 29.h6 g6
30.Bxc4 Qxc4 31.Nd4 b4 32.Rgd3 a5 33.Qh4 Rf7 34.Qf2 Qa6 35.Nf3 Ba4 36.R3d2 Kg8
37.Ng5 Rfc7 38.b3 Bb5 39.Nf3 a4 40.Nd4 axb3 41.cxb3 Rc3 42.Nxb5 Qxb5 43.Qa7 R8c7
44.Qa8+ Rc8 45.Qa7 R8c7 46.Qa4 Qxa4 47.bxa4 Ra7 48.Rd4 Rxa4 49.R1d2 Kf7 50.R2d3 Rxd3
51.Rxd3 g5 52.fxg5 Kg6 53.Kb2 Kxg5 54.Rg3+ Kxh6 55.Rg8 Ra3 56.Re8 Ra6 57.Kb3 Kg5
58.Kxb4 Rxa2 59.Rxe6 Rxg2 60.Kc5 Rc2+ 61.Kxd5 Rd2+ 62.Kc6 h5 63.Re8 h4 64.Rg8+ Kf4
65.e6 h3 66.e7 Re2 67.e8=Q Rxe8 68.Rxe8  1/2-1/2

[Event "Victor Ciocaltea Mem"]
[Site "Bucharest ROM"]
[Date "2006.03.13"]
[Round "6"]
[White "Chirila,I"]
[Black "Shishkin,Va UKR"]
[Result "0-1"]
[WhiteElo "2339"]
[BlackElo "2545"]

1.e4 c5 2.Nf3 Nc6 3.d4 cxd4 4.Nxd4 Nf6 5.Nc3 d6 6.Bg5 Qb6 7.Nb3 e6 8.Qd2 Be7
9.O-O-O O-O 10.f3 Rd8 11.Nb5 Rd7 12.Be3 Qd8 13.N5d4 e5 14.Nf5 d5 15.Nxe7+ Qxe7
16.Bc5 Qe6 17.exd5 Rxd5 18.Qe1 b6 19.Bf2 a5 20.Kb1 a4 21.Nc1 b5 22.Rxd5 Qxd5
23.a3 Be6 24.Qc3 Rb8 25.Qc5 b4 26.Qxd5 Nxd5 27.Bc5 bxa3 28.Bxa3 Ne3 29.Bc5 Nd4
30.c3 Nxf1 31.Rxf1 Nb5 32.Kc2 Bf5+ 33.Kd2 Nc7 34.Ba3 Nd5 35.g3 Nb6 36.Ke2 Nc4
37.Nd3 Nxa3 38.bxa3 Rb3 39.g4 Be6 40.Rd1 f6 41.Nc5 Bc4+ 42.Kf2 Rxa3 43.Rd7 Ra2+
44.Kg3 a3 45.Ra7 Ra1 46.Ne4 a2 47.Ra8+ Kf7 48.Nd6+ Ke6 49.Nxc4 Rg1+ 50.Kf2 a1=Q
51.Rxa1 Rxa1 52.Nd2 Rh1 53.Kg2 Rc1 54.Ne4 Kd5  0-1

[Event "XXII Open"]
[Site "Reykjavik ISL"]
[Date "2006.03.13"]
[Round "8"]
[White "Jonsson,Bjorg"]
[Black "Gara,T"]
[Result "0-1"]
[WhiteElo "2392"]
[BlackElo "2265"]

1.e4 c5 2.Nf3 d6 3.d4 Nf6 4.Nc3 cxd4 5.Nxd4 Nc6 6.Bg5 e6 7.Qd2 a6 8.O-O-O Bd7
9.f4 b5 10.Nxc6 Bxc6 11.Bd3 Be7 12.Qe1 O-O 13.e5 Nd5 14.Qh4 h6 15.Bxe7 Qxe7
16.Qxe7 Nxe7 17.exd6 Nd5 18.Nxd5 Bxd5 19.Rd2 Rfd8 20.Rhd1 Rxd6 21.Be4 Rad8
22.Bxd5 Rxd5 23.Rxd5 exd5 24.Kd2 Kf8 25.Re1 Re8 26.Re5 Rxe5 27.fxe5 Ke7 28.Kd3 h5
29.Kd4 Ke6 30.g3 f5 31.exf6 gxf6 32.b3 Kd6 33.a3 Kc6 34.Ke3 Kc5 35.c3 a5
36.h3 a4 37.bxa4 bxa4 38.Kd3 Kc6 39.Kd4 Kd6 40.c4 dxc4 41.Kxc4 Ke5 42.Kd3 Kd5
43.g4 h4 44.Ke3 Kc4  0-1

[Event "ch-BLR"]
[Site "Minsk BLR"]
[Date "2006.03.16"]
[Round "13"]
[White "Zhigalko,A"]
[Black "Smirnov,Va"]
[Result "1/2-1/2"]
[WhiteElo "2505"]
[BlackElo "2403"]

1.e4 c5 2.Nf3 d6 3.d4 cxd4 4.Nxd4 Nf6 5.Nc3 Nc6 6.Bg5 e6 7.Qd2 a6 8.O-O-O Bd7
9.f3 Be7 10.h4 Qc7 11.g4 Ne5 12.Kb1 b5 13.Bd3 Nc4 14.Bxc4 bxc4 15.Ka1 Bc8
16.h5 h6 17.Be3 Bb7 18.Rhe1 O-O-O 19.Bg1 Kb8 20.Qe2 Nd7 21.f4 Rhe8 22.Nf3 Nb6
23.g5 Bf8 24.g6 fxg6 25.hxg6 Nc8 26.Qf2 Be7 27.Nd4 Bf6 28.f5 exf5 29.exf5 Qa5
30.Kb1 Rxe1 31.Rxe1 Rd7 32.Qf1 Re7 33.Rxe7 Nxe7 34.Qxc4 Qc5 35.Qd3 Nxf5 36.Nde2 Qe5
37.Qc4  1/2-1/2

[Event "TCh-HUN 2005-6"]
[Site "Hungary HUN"]
[Date "2006.03.19"]
[Round "9"]
[White "Ruck,T"]
[Black "Kovacs,Zs1"]
[Result "1/2-1/2"]
[WhiteElo "2297"]
[BlackElo "2320"]

1.e4 c5 2.Nf3 d6 3.d4 cxd4 4.Nxd4 Nf6 5.Nc3 Nc6 6.Bg5 e6 7.Qd2 Be7 8.O-O-O O-O
9.f4 Nxd4 10.Qxd4 Qa5 11.Bc4 e5 12.Qd3 exf4 13.Bxf4 Bg4 14.Rd2 Rac8 15.Nd5 Nxd5
16.Bxd5 Be6 17.Qb3 Bxd5 18.Rxd5 Qa6 19.Re1 Rc6 20.Rb5 Rfc8 21.c3 b6 22.e5 dxe5
23.Rbxe5 Bf8 24.Kb1 Rc4 25.g3 Qb7 26.Qd1 Qc6 27.Rd5 b5 28.Qd3 b4 29.cxb4 Bxb4
30.Rd8+ Bf8 31.Rxc8 Qxc8 32.Rd1 h6 33.Qd8 Qf5+ 34.Qd3 Qe6 35.Bd2 Ra4 36.b3 Re4
37.Bc3 Re2 38.Rd2 Re3 39.Qd4 Qf5+ 40.Kb2 Qf3 41.b4 a6 42.a4 Re6 43.Qd5 Qg4
44.Rd4 Qe2+ 45.Rd2 Qg4 46.Rd4 Qe2+ 47.Rd2 Qg4 48.Kb3 Re3 49.Rd3 Re4 50.Rd4 Rxd4
51.Qxd4 Qe2 52.Qd2 Qe6+ 53.Kb2 Qb6 54.Kb3 Qe6+ 55.Kb2 Qb6 56.Kb3 Qe6+  1/2-1/2

[Event "Sozina Open"]
[Site "Bar SCG"]
[Date "2006.03.24"]
[Round "7"]
[White "Mijovic,A"]
[Black "Djoric,D"]
[Result "0-1"]
[WhiteElo "2140"]
[BlackElo "2314"]

1.e4 c5 2.Nf3 d6 3.d4 cxd4 4.Nxd4 Nf6 5.Nc3 Nc6 6.Bg5 e6 7.Qd2 Be7 8.O-O-O a6
9.h4 h6 10.Be3 Ng4 11.g3 Nxe3 12.Qxe3 Qb6 13.Bg2 Nxd4 14.Qxd4 Qxd4 15.Rxd4 Bd7
16.f4 Bc6 17.Rd2 O-O-O 18.Re1 g5 19.Nd5 Bf8 20.Nb6+ Kc7 21.Nc4 gxh4 22.gxh4 h5
23.Kb1 Be7 24.Red1 Bb5 25.Na3 Bxh4 26.Nxb5+ axb5 27.Rd3 Be7 28.Rc3+ Kb8 29.Rb3 Rdg8
30.Bf3 Rg3 31.e5 d5 32.Bxd5 Rxb3 33.Bxb3 h4 34.c4 bxc4 35.Bxc4 h3 36.Be2 h2
37.Bf3 Rh3 38.Bh1 Rg3 39.Kc2 Rg1 40.a3 Bh4 41.Kd2 Bg3 42.f5 exf5 43.Ke2 Bxe5
44.b3 f6 45.Bf3 Kc7 46.b4 b5 47.Rf1 Bb2 48.Kf2 Kd6 49.Rxg1 Bd4+  0-1

[Event "ch-ARG s/f"]
[Site "Buenos Aires ARG"]
[Date "2006.03.25"]
[Round "5"]
[White "Valerga,D"]
[Black "Della Morte,P"]
[Result "1/2-1/2"]
[WhiteElo "2472"]
[BlackElo "2302"]

1.e4 c5 2.Nf3 d6 3.d4 cxd4 4.Nxd4 Nf6 5.Nc3 Nc6 6.Bg5 e6 7.Qd2 a6 8.O-O-O Bd7
9.f4 Be7 10.Nf3 b5 11.Bxf6 gxf6 12.Bd3 Qb6 13.Kb1 O-O-O 14.Rhe1 Kb8 15.Nd5 exd5
16.exd5 Ne5 17.fxe5 fxe5 18.Ng5 Rhg8 19.Nxh7 f5 20.Qh6 Rxg2 21.Rxe5 Rg1 22.Ree1 Rdg8
23.a3 Qd4 24.Rxg1 Rxg1 25.Rxg1 Qxg1+ 26.Ka2 Qd4 27.Nf8 Qxd5+ 28.b3 Bc8 29.Qh8 Qf7
30.Nd7+ Kb7 31.Nb6 Be6 32.a4 Kxb6 33.Qb8+ Kc5 34.axb5 axb5 35.Qxb5+ Kd4 36.Qb4+ Ke3
37.Qe1+ Kd4 38.Qb4+ Ke5 39.Qc3+ Kf4 40.Qd2+ Ke5 41.Qc3+ Kf4 42.Qd2+ Ke5  1/2-1/2

[Event "TCh-CZE Extraliga 2005-6"]
[Site "Czech Rep CZE"]
[Date "2006.03.25"]
[Round "10"]
[White "Simacek,P"]
[Black "Murdzia,P"]
[Result "1/2-1/2"]
[WhiteElo "2480"]
[BlackElo "2460"]

1.e4 c5 2.Nf3 d6 3.d4 cxd4 4.Nxd4 Nf6 5.Nc3 Nc6 6.Bg5 Bd7 7.Qd2 Rc8 8.Nb3 h6
9.Bxf6 gxf6 10.Bd3 Ne5 11.f4 Nxd3+ 12.Qxd3 Qb6 13.O-O-O Bg7 14.Qg3 Kf8 15.f5 h5
16.Rd3 h4 17.Qg4 a5 18.Nd5 Qa6 19.Kb1 Bb5 20.Rh3 Qa7 21.Rd1 Rc4 22.Ne3 Ra4
23.c3 Bc4 24.Nc1 Qb6 25.Nc2 Bb5 26.Rxh4 Rxh4 27.Qxh4 Bd7 28.Qf4 Rc4 29.Ne3 Rc8
30.h4 Qb5 31.Rd5 Qa6 32.h5 Kg8 33.h6 Bh8 34.Qg4+ Kh7 35.Qh5 Rf8 36.Rd3 Bb5
37.Rd1 Be8 38.Nd5 Qc6 39.Nb3 Rg8 40.Qf3 a4 41.Nd4 Qd7 42.Qh3 Qd8 43.Rh1 Bd7
44.g4 e6 45.Ne3 Bc6 46.Qf3 Qe7 47.Nec2 Bd7 48.Rg1 Rg5 49.Rh1 Rg8 50.Rh4 Rg5
51.Qd3 exf5 52.exf5 Rg8 53.Qf3 Re8 54.Rh1 Qe4 55.Qxe4 Rxe4 56.Rh4 b6 57.Kc1 Bc8
58.Kd2 Bb7 59.Ne3 Re7 60.Rh2 Be4 61.Nc4 Bd5 62.Nxb6 Bxa2 63.Nxa4 Re4 64.b3 Rxg4
65.Rh1 Bxb3 66.Nxb3 Rxa4 67.Nd4 Ra5 68.Kd3 Re5 69.c4 Rc5 70.Rh5 d5 71.cxd5 Rxd5
72.Kc4 Re5 73.Nc6 Re8 74.Kd5 Rg8 75.Rh1 Rg2 76.Kd6 Re2 77.Rh4 Re1 78.Kd7 Re2
79.Ne7 Ra2 80.Ke8 Ra7 81.Kxf7 Ra8 82.Rh1 Rb8 83.Rh2 Rc8 84.Rg2 Rb8 85.Rg7+ Bxg7
86.hxg7 Rg8 87.Nxg8  1/2-1/2

[Event "TCh-NED 2005-6"]
[Site "Netherlands NED"]
[Date "2006.03.25"]
[Round "8"]
[White "Berelovich,A"]
[Black "Hoeksema,E"]
[Result "1-0"]
[WhiteElo "2571"]
[BlackElo "2397"]

1.e4 c5 2.Nf3 d6 3.d4 cxd4 4.Nxd4 Nf6 5.Nc3 Nc6 6.Bg5 e6 7.Qd2 a6 8.O-O-O Bd7
9.f4 b5 10.Bxf6 gxf6 11.Nxc6 Bxc6 12.Qe1 Be7 13.Bd3 Qb6 14.Qg3 O-O-O 15.Rhe1 Bb7
16.f5 Qc7 17.Qh3 b4 18.Na4 Bc6 19.b3 e5 20.Bc4 d5 21.Bxd5 Bxa4 22.bxa4 Bc5
23.Qb3 Rd6 24.Rd3 a5 25.Red1 Bd4 26.Bxf7 Rc6 27.Kb1 Kb8 28.Bg8 Ka7 29.Rg3 Rc3
30.Rxc3 bxc3 31.Rd3 Qb6 32.Rg3 Qxb3+ 33.cxb3 Kb6 34.Kc2 Kc5 35.a3 h5 36.h4 Kd6
37.Rg7  1-0